|
|
|
|
| LEADER |
00000cam a2200000 7i4500 |
| 001 |
0000004809 |
| 005 |
20151222.0 |
| 008 |
070806 |
| 020 |
|
|
|a 9838524271
|
| 090 |
0 |
0 |
|a JF
|b CT MAL (5228)
|
| 100 |
0 |
|
|a Khadijah Hashim
|
| 245 |
1 |
0 |
|a Puteri gunung ledang
|c Khadijah Hashim
|
| 260 |
|
|
|a Shah Alam :
|b 'K' publishing ,
|c 2005
|
| 440 |
|
|
|a Siri legenda
|
| 500 |
|
|
|a Children ages 7-9 years old (orange)
|
| 650 |
|
0 |
|a Malay fiction
|x classic tales
|
| 999 |
|
|
|a 0000972021
|b Book
|c Children Collection
|e Perbadanan Perpustakaan Awam Johor
|
| 999 |
|
|
|a 0000972022
|b Book
|c Children Collection
|e Perbadanan Perpustakaan Awam Johor
|
| 999 |
|
|
|a 0000972024
|b Book
|c Children Collection
|e Perbadanan Perpustakaan Awam Johor
|
| 999 |
|
|
|a 0000972025
|b Book
|c Children Collection
|e Perbadanan Perpustakaan Awam Johor
|
| 999 |
|
|
|a 0001150863
|b Book
|c Children Collection
|e Cawangan Bandar Penawar
|
| 999 |
|
|
|a 0001150864
|b Book
|c Children Collection
|e Cawangan Tmn. Ungku Tun Aminah
|
| 999 |
|
|
|a 0001150865
|b Book
|c Children Collection
|e Cawangan Segamat
|
| 999 |
|
|
|a 0001150866
|b Book
|c Children Collection
|e Cawangan Pontian
|
| 999 |
|
|
|a 0001150872
|b Book
|c Children Collection
|e Cawangan Pontian
|
| 999 |
|
|
|a 0001150873
|b Book
|c Children Collection
|e Cawangan Mersing
|
| 999 |
|
|
|a 0001150874
|b Book
|c Children Collection
|e Cawangan Taman Universiti
|
| 999 |
|
|
|a 0001150883
|b Book
|c Children Collection
|e Cawangan Tmn. Ungku Tun Aminah
|